| 000 | 00778cab a22002055a 4500 | ||
|---|---|---|---|
| 001 | L157002 | ||
| 008 | 120809e20120805xxk f 000 0 eng d | ||
| 035 | _a(Sirsi) u157002 | ||
| 041 | 0 | _aeng | |
| 100 | 1 | _aMoore, Paul | |
| 245 | 0 | 0 | _aInternational costs |
| 260 | _c2012 | ||
| 490 |
_aBuilding _v277 (8739) 3 August 2012, 48-53(6) |
||
| 520 | _aConstruction prices are rising in Canada, Australia, New Zealand and Qatar, slowing in China and India, and grinding to a standstill across Europe. Summary, commodity prices, Europe, worldwide economic growth 2011-12, Middle East, North America, Asia Pacific, international cost comparison. | ||
| 590 | _aKA | ||
| 651 | 4 | _aInternational | |
| 690 |
_aConstruction management _96230 |
||
| 710 |
_aEC Harris _94930 |
||
| 942 | _n0 | ||
| 999 |
_c84227 _d84227 |
||